[Event "Muensterland Verbandsklasse Gr2 2223"]
[Site "Germany"]
[Date "2022.09.17"]
[Round "1.5"]
[White "Boeckmann, Dirk"]
[Black "Kuestermann, Dieter"]
[Result "1/2-1/2"]
[WhiteElo "1679"]
[BlackElo "1633"]
[PlyCount "73"]
[EventDate "2022.09.17"]
[EventType "team-tourn"]
[EventRounds "5"]
[EventCountry "GER"]
[SourceTitle "EXT 2024"]
[Source "ChessBase"]
[SourceDate "2023.10.10"]
[SourceVersion "1"]
[SourceVersionDate "2023.10.10"]
[SourceQuality "1"]
[WhiteTeam "Reckenfeld"]
[BlackTeam "Greven"]
[WhiteTeamCountry "GER"]
[BlackTeamCountry "GER"]

1. d4 d5 2. Nf3 Nf6 3. Bg5 e6 4. e3 c5 5. c3 Nc6 6. Bd3 c4 7. Bc2 b5 8. a3 Be7 9. Nbd2 Bb7 10. h3 0-0 11. Bf4 Nh5 12. Bh2 Bd6 13. Bxd6 Qxd6 14. 0-0 f5 15. Nh2 Nf6 16. f3 a5 17. Qe2 b4 18. e4 dxe4 19. fxe4 fxe4 20. axb4 axb4 21. Nxe4 Nxe4 22. Qxe4 g6 23. Ng4 Rxa1 24. Rxa1 Rf4 25. Qe2 bxc3 26. bxc3 Nxd4 27. cxd4 Qxd4+ 28. Kh2 Qxa1 29. Qxe6+ Kg7 30. Ne5 Qb2 31. Qe7+ Kh6 32. Nf7+ Rxf7 33. Qxf7 Qxc2 34. Qxb7 Qd2 35. Qe4 c3 36. Qh4+ Kg7 37. Qe7+ 1/2-1/2

[Event "Steinfurt Bezirksliga 1819"]
[Site "Germany"]
[Date "2019.05.04"]
[Round "10.2"]
[White "Raus, Michael"]
[Black "Boeckmann, Dirk"]
[Result "1/2-1/2"]
[WhiteElo "1721"]
[BlackElo "1645"]
[PlyCount "24"]
[EventDate "2018.09.01"]
[EventType "team-tourn"]
[EventRounds "10"]
[EventCountry "GER"]
[SourceTitle "EXT 2020"]
[Source "ChessBase"]
[SourceDate "2019.10.17"]
[SourceVersion "1"]
[SourceVersionDate "2019.10.17"]
[SourceQuality "1"]
[WhiteTeam "Steinfurt II"]
[BlackTeam "Reckenfeld"]
[WhiteTeamCountry "GER"]
[BlackTeamCountry "GER"]

1. e4 c6 2. d4 d5 3. exd5 cxd5 4. Bd3 Nf6 5. c3 Nc6 6. Nf3 a6 7. Nbd2 e6 8. 0-0 Bd6 9. Re1 0-0 10. Ne5 Qc7 11. Ndf3 Nd7 12. Qe2 Ndxe5 1/2-1/2

[Event "Steinfurt Bezirksliga 1718"]
[Site "Germany"]
[Date "2018.03.17"]
[Round "6.6"]
[White "Meier, Josef"]
[Black "Boeckmann, Dirk"]
[Result "1/2-1/2"]
[WhiteElo "1311"]
[BlackElo "1637"]
[PlyCount "70"]
[EventDate "2017.09.23"]
[EventType "team-tourn"]
[EventRounds "7"]
[EventCountry "GER"]
[SourceTitle "EXT 2019"]
[Source "ChessBase"]
[SourceDate "2018.10.10"]
[SourceVersion "1"]
[SourceVersionDate "2018.10.10"]
[SourceQuality "1"]
[WhiteTeam "Steinfurt III"]
[BlackTeam "Reckenfeld"]
[WhiteTeamCountry "GER"]
[BlackTeamCountry "GER"]

1. f4 e6 2. Nf3 Nf6 3. e3 c6 4. Be2 g6 5. b3 Bg7 6. Bb2 0-0 7. 0-0 b6 8. h3 Bb7 9. Bxf6 Bxf6 10. d4 c5 11. c3 cxd4 12. exd4 Qc7 13. Qd2 d6 14. Na3 a6 15. Rac1 Nc6 16. c4 Qd7 17. Nc2 Ne7 18. Ne3 Rac8 19. Rc2 Rc7 20. Qb4 Nc8 21. Rd2 a5 22. Qa3 Ne7 23. Rc1 Rfc8 24. Qb2 Rd8 25. Qb1 e5 26. dxe5 Bxf3 27. Rxd6 Qc8 28. Rxd8+ Qxd8 29. exf6 Bxe2 30. fxe7 Rxe7 31. Nd5 Re6 32. Re1 Qd6 33. Qb2 Qc5+ 34. Kh1 Qf2 35. Rg1 Qh4 1/2-1/2

[Event "Steinfurt Bezirksklasse 1718"]
[Site "Germany"]
[Date "2018.03.03"]
[Round "6.1"]
[White "Ulbricht Weiss, Wolfgang"]
[Black "Boeckmann, Dirk"]
[Result "1/2-1/2"]
[WhiteElo "1413"]
[BlackElo "1635"]
[PlyCount "95"]
[EventDate "2017.10.07"]
[EventType "team-tourn"]
[EventRounds "7"]
[EventCountry "GER"]
[SourceTitle "EXT 2019"]
[Source "ChessBase"]
[SourceDate "2018.10.10"]
[SourceVersion "1"]
[SourceVersionDate "2018.10.10"]
[SourceQuality "1"]
[WhiteTeam "Rheine CC"]
[BlackTeam "Reckenfeld II"]
[WhiteTeamCountry "GER"]
[BlackTeamCountry "GER"]

1. e4 c6 2. d4 d5 3. e5 Bf5 4. Bd3 Bxd3 5. Qxd3 e6 6. Nc3 Bb4 7. Nf3 h6 8. 0-0 Ne7 9. Ne2 Nd7 10. c3 Ba5 11. Bf4 0-0 12. b4 Bc7 13. Rfe1 Nb6 14. Nd2 f6 15. Qg3 fxe5 16. Bxe5 Bxe5 17. Qxe5 Rf6 18. Nf4 Ng6 19. Nxe6 Nxe5 20. Nxd8 Nd3 21. Re8+ Kh7 22. Nf3 Nc4 23. Ne5 Ncxe5 24. dxe5 Nxe5 25. Rxe5 Rxd8 26. Rae1 Rd7 27. f3 a6 28. Kf2 Rfd6 29. Re7 d4 30. Rxd7 Rxd7 31. c4 Kg6 32. c5 Kf6 33. g4 g5 34. Re4 d3 35. Ke1 d2+ 36. Kd1 Rd3 37. f4 gxf4 38. Rxf4+ Kg5 39. Re4 Ra3 40. Kxd2 Rxa2+ 41. Kc3 Rxh2 42. Re7 Rh4 43. Rxb7 a5 44. bxa5 Rxg4 45. Kb3 Rg3+ 46. Kb4 Rg4+ 47. Kb3 Rg3+ 48. Kc4 1/2-1/2

[Event "Steinfurt Bezirksklasse 1718"]
[Site "Germany"]
[Date "2017.12.09"]
[Round "3.1"]
[White "Van Dam, Hans"]
[Black "Boeckmann, Dirk"]
[Result "1/2-1/2"]
[WhiteElo "1555"]
[BlackElo "1635"]
[PlyCount "44"]
[EventDate "2017.10.07"]
[EventType "team-tourn"]
[EventRounds "7"]
[EventCountry "GER"]
[SourceTitle "EXT 2019"]
[Source "ChessBase"]
[SourceDate "2018.10.10"]
[SourceVersion "1"]
[SourceVersionDate "2018.10.10"]
[SourceQuality "1"]
[WhiteTeam "Rheine Klein Berlin III"]
[BlackTeam "Reckenfeld II"]
[WhiteTeamCountry "GER"]
[BlackTeamCountry "GER"]

1. e4 c5 2. Nf3 Nc6 3. d4 cxd4 4. Nxd4 g6 5. Nxc6 bxc6 6. Bd3 Bg7 7. c3 e6 8. Nd2 Ne7 9. Nf3 0-0 10. Be3 d5 11. 0-0 Qc7 12. Qc2 Bb7 13. Rfe1 c5 14. exd5 exd5 15. Rac1 Rfe8 16. Bg5 Nc6 17. Qd2 Ne5 18. Nxe5 Bxe5 19. g3 Bg7 20. Bf1 Qa5 21. Rxe8+ Rxe8 22. Re1 Qa4 1/2-1/2

[Event "Steinfurt Bezirksklasse 1718"]
[Site "Germany"]
[Date "2017.10.07"]
[Round "1.1"]
[White "Wessel, Heinz"]
[Black "Boeckmann, Dirk"]
[Result "0-1"]
[WhiteElo "1465"]
[BlackElo "1635"]
[PlyCount "72"]
[EventDate "2017.10.07"]
[EventType "team-tourn"]
[EventRounds "7"]
[EventCountry "GER"]
[SourceTitle "EXT 2019"]
[Source "ChessBase"]
[SourceDate "2018.10.10"]
[SourceVersion "1"]
[SourceVersionDate "2018.10.10"]
[SourceQuality "1"]
[WhiteTeam "Steinfurt IV"]
[BlackTeam "Reckenfeld II"]
[WhiteTeamCountry "GER"]
[BlackTeamCountry "GER"]

1. Nf3 c6 2. b3 Nf6 3. Bb2 e6 4. d3 d5 5. Nbd2 Be7 6. g3 Nbd7 7. Ne5 0-0 8. d4 Qc7 9. Bg2 c5 10. e3 b6 11. 0-0 Bb7 12. Ndf3 Rac8 13. Rc1 Ba6 14. c4 dxc4 15. bxc4 Rfd8 16. Qe2 h6 17. Nh4 Nxe5 18. dxe5 Nd7 19. Qh5 Bxh4 20. gxh4 Nf8 21. f4 Rd2 22. Ba1 Rcd8 23. f5 Rxa2 24. fxe6 Nxe6 25. Bd5 Bb7 26. e4 Qe7 27. Rf3 Bxd5 28. exd5 Nd4 29. Bxd4 cxd4 30. Rcf1 Rf8 31. d6 Qe6 32. Rd1 Qxc4 33. d7 Qe2 34. Qxf7+ Kh7 35. Rf2 Qxd1+ 36. Rf1 Qg4+ 0-1

[Event "Steinfurt Bezirksliga 1617"]
[Site "Germany"]
[Date "2016.11.12"]
[Round "3.5"]
[White "Boeckmann, Dirk"]
[Black "Nattkaemper, Johann"]
[Result "1-0"]
[WhiteElo "1638"]
[BlackElo "1254"]
[PlyCount "58"]
[EventDate "2016.09.24"]
[EventType "team"]
[EventRounds "9"]
[EventCountry "GER"]
[SourceTitle "EXT 2018"]
[Source "ChessBase"]
[SourceDate "2017.10.13"]
[SourceVersion "1"]
[SourceVersionDate "2017.10.13"]
[SourceQuality "1"]
[WhiteTeam "Reckenfeld"]
[BlackTeam "Ibbenbueren II"]
[WhiteTeamCountry "GER"]
[BlackTeamCountry "GER"]

1. d4 Nf6 2. Nf3 e6 3. Bf4 d5 4. h3 c5 5. c3 c4 6. e3 Bd6 7. Bxd6 Qxd6 8. Nbd2 0-0 9. Be2 Nc6 10. Qc2 h6 11. e4 dxe4 12. Nxc4 Qd5 13. Nfd2 Rd8 14. Ne3 Qd6 15. Nxe4 Nxe4 16. Qxe4 e5 17. Nc4 Qf6 18. dxe5 Qg5 19. h4 Qe7 20. 0-0 Be6 21. Ne3 Rd2 22. Bd3 g6 23. h5 Kg7 24. hxg6 fxg6 25. Qxg6+ Kf8 26. Qxh6+ Ke8 27. Rad1 Rxd1 28. Rxd1 Nxe5 29. Qh8+ Qf8 1-0

[Event "Steinfurt Bezirksliga 1516"]
[Site "Germany"]
[Date "2016.03.12"]
[Round "7.6"]
[White "Boeckmann, Dirk"]
[Black "Stroot, Helmut"]
[Result "1-0"]
[WhiteElo "1614"]
[BlackElo "1297"]
[PlyCount "52"]
[EventDate "2015.09.19"]
[EventType "team-tourn"]
[EventRounds "9"]
[EventCountry "GER"]
[SourceTitle "EXT 2017"]
[Source "ChessBase"]
[SourceDate "2016.10.25"]
[SourceVersion "1"]
[SourceVersionDate "2016.10.25"]
[SourceQuality "1"]
[WhiteTeam "Reckenfeld"]
[BlackTeam "Rheine CC"]
[WhiteTeamCountry "GER"]
[BlackTeamCountry "GER"]

1. d4 e6 2. Nf3 d5 3. e3 Bd6 4. Bd3 Nc6 5. Nbd2 Nf6 6. c3 Bd7 7. h3 h6 8. 0-0 Qe7 9. e4 e5 10. exd5 Nxd5 11. Re1 0-0-0 12. dxe5 Nxe5 13. Nxe5 Bxe5 14. Nc4 f6 15. Nxe5 fxe5 16. Qh5 g5 17. Qf3 Bc6 18. Qf5+ Kb8 19. Rxe5 Qd6 20. Re6 Qf8 21. Qxf8 Rdxf8 22. Be3 Re8 23. Rxe8+ Rxe8 24. Re1 b6 25. Bc4 b5 26. Bxd5 Bxd5 1-0

[Event "Steinfurt Bezirksliga 1516"]
[Site "Germany"]
[Date "2016.01.23"]
[Round "5.7"]
[White "Melcher, Guenter Herbert"]
[Black "Boeckmann, Dirk"]
[Result "1/2-1/2"]
[WhiteElo "1598"]
[BlackElo "1614"]
[PlyCount "51"]
[EventDate "2015.09.19"]
[EventType "team-tourn"]
[EventRounds "9"]
[EventCountry "GER"]
[SourceTitle "EXT 2017"]
[Source "ChessBase"]
[SourceDate "2016.10.25"]
[SourceVersion "1"]
[SourceVersionDate "2016.10.25"]
[SourceQuality "1"]
[WhiteTeam "Steinfurt II"]
[BlackTeam "Reckenfeld"]
[WhiteTeamCountry "GER"]
[BlackTeamCountry "GER"]

1. d4 c6 2. c4 d5 3. Nf3 Nf6 4. Nc3 e6 5. Bg5 Be7 6. e3 0-0 7. Bd3 Nbd7 8. 0-0 h6 9. Bh4 Ne8 10. Bxe7 Qxe7 11. cxd5 exd5 12. e4 dxe4 13. Nxe4 Ndf6 14. Re1 Nxe4 15. Bxe4 Qb4 16. Qc2 Nf6 17. a3 Qd6 18. h3 Be6 19. Rad1 Rad8 20. Ne5 Nxe4 21. Qxe4 Bd5 22. Qd3 Rfe8 23. Re3 f6 24. Ng4 Qf4 25. Rde1 Rxe3 26. Qxe3 1/2-1/2

[Event "Steinfurt Bezirksliga 1314"]
[Site "Germany"]
[Date "2014.03.22"]
[Round "7.2"]
[White "Boeckmann, Dirk"]
[Black "Lueke, Reinhard"]
[Result "1/2-1/2"]
[WhiteElo "1684"]
[BlackElo "1861"]
[PlyCount "41"]
[EventDate "2013.09.14"]
[EventType "team-tourn"]
[EventRounds "9"]
[EventCountry "GER"]
[SourceTitle "EXT 2015"]
[Source "ChessBase"]
[SourceDate "2014.11.20"]
[SourceVersion "1"]
[SourceVersionDate "2014.11.20"]
[SourceQuality "1"]
[WhiteTeam "Reckenfeld"]
[BlackTeam "Emsdetten Turm III"]
[WhiteTeamCountry "GER"]
[BlackTeamCountry "GER"]

1. d4 f5 2. Nf3 d6 3. e3 Nf6 4. Bc4 g6 5. c3 Bg7 6. 0-0 Nc6 7. Re1 d5 8. Bb3 0-0 9. Nbd2 Kh8 10. Nf1 Ne4 11. N3d2 Be6 12. f3 Nxd2 13. Nxd2 Qd7 14. Nf1 Na5 15. Bc2 Nc4 16. e4 fxe4 17. fxe4 Rf7 18. Ne3 Raf8 19. Nxc4 dxc4 20. Be3 Bg4 21. Qd2 1/2-1/2

[Event "Steinfurt Bezirksliga 1213"]
[Site "Germany"]
[Date "2013.04.13"]
[Round "8.1"]
[White "Guennigmann, Stefan"]
[Black "Boeckmann, Dirk"]
[Result "1-0"]
[WhiteElo "1755"]
[BlackElo "1673"]
[PlyCount "55"]
[EventDate "2012.09.22"]
[EventType "team-tourn"]
[EventRounds "9"]
[EventCountry "GER"]
[SourceTitle "EXT 2015"]
[Source "ChessBase"]
[SourceDate "2014.11.20"]
[SourceVersion "1"]
[SourceVersionDate "2014.11.20"]
[SourceQuality "1"]
[WhiteTeam "Saerbeck II"]
[BlackTeam "Reckenfeld"]
[WhiteTeamCountry "GER"]
[BlackTeamCountry "GER"]

1. d4 c6 2. c4 d5 3. Nf3 Nf6 4. Nc3 Bf5 5. Bg5 e6 6. e3 Be7 7. Rc1 h6 8. Bh4 Ne4 9. Bxe7 Qxe7 10. Nxe4 Bxe4 11. Nd2 Bg6 12. Qb3 0-0 13. Bd3 Bxd3 14. Qxd3 Qb4 15. a3 Qd6 16. 0-0 Nd7 17. c5 Qc7 18. e4 f6 19. f4 dxe4 20. Nxe4 Kh8 21. Nd6 e5 22. fxe5 fxe5 23. Nf7+ Kg8 24. Qg6 exd4 25. Nxh6+ Kh8 26. Nf7+ Kg8 27. Ng5 Nf6 28. Rxf6 1-0

[Event "Steinfurt Bezirksliga 1213"]
[Site "Germany"]
[Date "2013.03.02"]
[Round "7.1"]
[White "Boeckmann, Dirk"]
[Black "Terhorst, Timo"]
[Result "1/2-1/2"]
[WhiteElo "1673"]
[BlackElo "1649"]
[PlyCount "23"]
[EventDate "2012.09.22"]
[EventType "team-tourn"]
[EventRounds "9"]
[EventCountry "GER"]
[SourceTitle "EXT 2015"]
[Source "ChessBase"]
[SourceDate "2014.11.20"]
[SourceVersion "1"]
[SourceVersionDate "2014.11.20"]
[SourceQuality "1"]
[WhiteTeam "Reckenfeld"]
[BlackTeam "Rheine SG"]
[WhiteTeamCountry "GER"]
[BlackTeamCountry "GER"]

1. d4 Nf6 2. Nf3 d5 3. e3 Bf5 4. Bd3 Ne4 5. Nh4 Bg6 6. Nxg6 hxg6 7. Qg4 Qd7 8. Qxd7+ Nxd7 9. Nd2 Ndf6 10. Nxe4 Nxe4 11. 0-0 e6 12. f3 1/2-1/2

[Event "Steinfurt Bezirksliga 1213"]
[Site "Germany"]
[Date "2012.12.22"]
[Round "4.1"]
[White "Boeckmann, Dirk"]
[Black "Bienhuels, Franz Josef"]
[Result "0-1"]
[WhiteElo "1673"]
[BlackElo "1963"]
[PlyCount "104"]
[EventDate "2012.09.22"]
[EventType "team-tourn"]
[EventRounds "9"]
[EventCountry "GER"]
[SourceTitle "EXT 2015"]
[Source "ChessBase"]
[SourceDate "2014.11.20"]
[SourceVersion "1"]
[SourceVersionDate "2014.11.20"]
[SourceQuality "1"]
[WhiteTeam "Reckenfeld"]
[BlackTeam "Westerkappeln"]
[WhiteTeamCountry "GER"]
[BlackTeamCountry "GER"]

1. d4 Nf6 2. Nf3 g6 3. Bf4 Bg7 4. e3 c5 5. c3 0-0 6. h3 b6 7. Bc4 d5 8. Bb3 Ba6 9. Bc2 Nbd7 10. Bd3 Bxd3 11. Qxd3 Re8 12. 0-0 Nh5 13. Bh2 Qc8 14. Nbd2 Qb7 15. Rad1 Rad8 16. Rfe1 Nhf6 17. Ne5 a6 18. Nxd7 Rxd7 19. Nf3 Rc8 20. Ne5 Rdd8 21. a3 e6 22. Qe2 b5 23. b4 Ne4 24. Rc1 cxb4 25. cxb4 Nd6 26. Nd3 Nc4 27. Qa2 Bf8 28. Rc2 Ra8 29. Qb3 Qb6 30. Ra2 a5 31. Nc5 Qc6 32. Rea1 a4 33. Qc3 Ra7 34. Rd1 f6 35. Nd3 Rc8 36. Rc1 Qe8 37. Qa1 Bh6 38. Re2 Rc6 39. Kh1 Ra8 40. Bf4 Bg7 41. Rec2 e5 42. dxe5 fxe5 43. Bg3 e4 44. Nb2 Bxb2 45. Rxb2 Nxb2 46. Qxb2 Rxc1+ 47. Qxc1 Rc8 48. Qd2 Qe6 49. Qe2 Rc4 50. Bf4 Qf5 51. g4 Qf6 52. f3 g5 0-1

[Event "Muensterland Verbandsklasse-B 1112"]
[Site "Germany"]
[Date "2012.03.10"]
[Round "7.3"]
[White "Klein, Bjoern"]
[Black "Boeckmann, Dirk"]
[Result "1-0"]
[WhiteElo "1888"]
[BlackElo "1660"]
[PlyCount "109"]
[EventDate "2011.09.17"]
[EventType "team-tourn"]
[EventRounds "9"]
[EventCountry "GER"]
[SourceTitle "EXT 2013"]
[Source "ChessBase"]
[SourceDate "2012.11.22"]
[SourceVersion "1"]
[SourceVersionDate "2012.11.22"]
[SourceQuality "1"]
[WhiteTeam "Steinfurt"]
[BlackTeam "Reckenfeld"]
[WhiteTeamCountry "GER"]
[BlackTeamCountry "GER"]

1. d4 c6 2. c4 d5 3. cxd5 cxd5 4. Nf3 Nc6 5. Nc3 Nf6 6. Bf4 a6 7. e3 Bg4 8. Bd3 e6 9. 0-0 Bd6 10. Bxd6 Qxd6 11. Rc1 0-0 12. Na4 b5 13. Nc5 Na5 14. Qc2 Bxf3 15. gxf3 g6 16. Qe2 Nd7 17. a4 bxa4 18. Nxa4 Nb6 19. Nc5 e5 20. dxe5 Qxe5 21. f4 Qd6 22. Rfd1 Rac8 23. b4 Nc6 24. Bxa6 Rc7 25. Qd2 Qe7 26. Bf1 Rd8 27. Na6 Rcc8 28. b5 Nb8 29. Qd4 Qb7 30. Nc5 Qe7 31. Nb3 Nc4 32. Qc3 Nb6 33. Qe5 Qa3 34. Rxc8 Rxc8 35. Nd4 N8d7 36. Qg5 Qa4 37. Be2 Nc5 38. Qf6 Ncd7 39. Qd6 h5 40. Nc6 Re8 41. Ne7+ Kg7 42. Nxd5 Re6 43. Qc7 Nxd5 44. Rxd5 Nb6 45. Qc3+ f6 46. Rd8 Qa7 47. f5 Re5 48. fxg6 Rg5+ 49. Kf1 Qb7 50. f3 Qe7 51. Qd4 Qc7 52. f4 Rxg6 53. Kf2 Qc1 54. Qd1 Qc7 55. Qd6 1-0

[Event "Muensterland Verbandsklasse-B 1112"]
[Site "Germany"]
[Date "2012.02.11"]
[Round "6.2"]
[White "Stegemann, Norbert"]
[Black "Boeckmann, Dirk"]
[Result "1-0"]
[WhiteElo "1963"]
[BlackElo "1660"]
[PlyCount "105"]
[EventDate "2011.09.17"]
[EventType "team-tourn"]
[EventRounds "9"]
[EventCountry "GER"]
[SourceTitle "EXT 2013"]
[Source "ChessBase"]
[SourceDate "2012.11.22"]
[SourceVersion "1"]
[SourceVersionDate "2012.11.22"]
[SourceQuality "1"]
[WhiteTeam "Duelmen"]
[BlackTeam "Reckenfeld"]
[WhiteTeamCountry "GER"]
[BlackTeamCountry "GER"]

1. c4 c6 2. Nf3 Nf6 3. d4 d5 4. Nc3 e6 5. Bg5 Be7 6. e3 h6 7. Bh4 Nbd7 8. Bd3 b6 9. 0-0 Bb7 10. cxd5 Nxd5 11. Bxe7 Qxe7 12. Rc1 0-0 13. a3 c5 14. Bb1 Nxc3 15. Rxc3 Rac8 16. e4 cxd4 17. Qxd4 Rxc3 18. Qxc3 Rc8 19. Qd4 Nf8 20. Rd1 Qc5 21. Qxc5 Rxc5 22. Nd4 Ng6 23. f3 Kf8 24. Kf2 Ke7 25. Ke3 Ne5 26. Ba2 Nc4+ 27. Bxc4 Rxc4 28. Rd2 a6 29. Rc2 Rxc2 30. Nxc2 e5 31. Kd3 Kd6 32. Ne3 Ke6 33. Nc4 b5 34. Na5 Ba8 35. Kc3 f5 36. exf5+ Kxf5 37. Kb4 e4 38. fxe4+ Kxe4 39. Nb3 Kd3 40. Nc5+ Kc2 41. g3 Kxb2 42. Nxa6 Bc6 43. Nc7 g6 44. Nxb5 Bxb5 45. Kxb5 Kxa3 46. Kc4 Kb2 47. Kd4 Kc2 48. Ke5 Kd3 49. Kf6 g5 50. Kg6 Ke4 51. Kxh6 Kf5 52. Kh5 Kf6 53. g4 1-0

[Event "Steinfurt Bezirksliga 1011"]
[Site "Germany"]
[Date "2011.02.12"]
[Round "5.5"]
[White "Olejnik, Jochen"]
[Black "Boeckmann, Dirk"]
[Result "1/2-1/2"]
[WhiteElo "1652"]
[BlackElo "1592"]
[PlyCount "32"]
[EventDate "2010.10.02"]
[EventType "team-tourn"]
[EventRounds "9"]
[EventCountry "GER"]
[SourceTitle "EXT 2012"]
[Source "ChessBase"]
[SourceDate "2011.11.24"]
[SourceVersion "1"]
[SourceVersionDate "2011.11.24"]
[SourceQuality "1"]
[WhiteTeam "Saerbeck II"]
[BlackTeam "Reckenfeld"]
[WhiteTeamCountry "GER"]
[BlackTeamCountry "GER"]

1. e4 c6 2. d4 d5 3. exd5 cxd5 4. Nf3 Nc6 5. Bf4 Bg4 6. c3 e6 7. Bd3 Bd6 8. Bxd6 Qxd6 9. Nbd2 Nf6 10. h3 Bh5 11. 0-0 0-0 12. Re1 Ne7 13. Qc2 Bg6 14. Ne5 Bxd3 15. Qxd3 Nd7 16. Ndf3 Nxe5 1/2-1/2

[Event "Steinfurt Bezirksliga 0910"]
[Site "Germany"]
[Date "2010.05.15"]
[Round "9.4"]
[White "Raus, Christina"]
[Black "Boeckmann, Dirk"]
[Result "1/2-1/2"]
[WhiteElo "1390"]
[BlackElo "1557"]
[PlyCount "60"]
[EventDate "2009.09.12"]
[EventType "team-tourn"]
[EventRounds "9"]
[EventCountry "GER"]
[SourceTitle "EXT 2011"]
[Source "ChessBase"]
[SourceDate "2010.11.26"]
[SourceVersion "1"]
[SourceVersionDate "2010.11.26"]
[SourceQuality "1"]
[WhiteTeam "Steinfurt III"]
[BlackTeam "Reckenfeld"]
[WhiteTeamCountry "GER"]
[BlackTeamCountry "GER"]

1. d4 c6 2. c4 d5 3. Nc3 dxc4 4. e4 e6 5. Bxc4 Nf6 6. Bg5 Be7 7. Qd2 h6 8. Be3 Bb4 9. Qc2 Ng4 10. Qe2 Nf6 11. Qf3 Nbd7 12. Nge2 Nb6 13. Bb3 a5 14. a3 Bxc3+ 15. bxc3 Nbd7 16. e5 Nd5 17. Bxd5 cxd5 18. 0-0 Nb6 19. Nc1 Nc4 20. Nb3 b6 21. Nd2 Ba6 22. Nxc4 Bxc4 23. Rfc1 0-0 24. Qg4 f5 25. Qg6 Qe8 26. Qxe8 Rfxe8 27. f4 Ra7 28. Rab1 Rb7 29. Rb2 a4 30. Rb4 b5 1/2-1/2

[Event "Steinfurt Bezirksliga 0809"]
[Site "Germany"]
[Date "2009.05.09"]
[Round "9.3"]
[White "Boeckmann, Dirk"]
[Black "Brito, Daniel"]
[Result "1/2-1/2"]
[WhiteElo "1556"]
[BlackElo "1864"]
[PlyCount "38"]
[EventDate "2008.09.27"]
[EventType "team-tourn"]
[EventRounds "9"]
[EventCountry "GER"]
[SourceTitle "EXT 2010"]
[Source "ChessBase"]
[SourceDate "2010.11.25"]
[SourceVersion "1"]
[SourceVersionDate "2010.11.25"]
[SourceQuality "1"]
[WhiteTeam "Reckenfeld"]
[BlackTeam "Neuenkirchen II"]
[WhiteTeamCountry "GER"]
[BlackTeamCountry "GER"]

1. d4 Nf6 2. Nf3 g6 3. g3 Bg7 4. Bg2 d6 5. 0-0 0-0 6. c3 Na6 7. Nbd2 c5 8. Nb3 Qc7 9. Bg5 Ne4 10. dxc5 Nxg5 11. Nxg5 Nxc5 12. Nd4 h6 13. Ngf3 Bd7 14. Rb1 a6 15. Ne1 Rab8 16. Nec2 e5 17. Nb3 Bf5 18. Nxc5 Bxc2 19. Qxc2 dxc5 1/2-1/2